Normal view
MARC view
- Schwarz, C. M.
Entry Personal Name
001 - CONTROL NUMBER
- control field: 349
003 - CONTROL NUMBER IDENTIFIER
- control field: OSt
005 - DATE AND TIME OF LATEST TRANSACTION
- control field: 20170420120318.0
008 - FIXED-LENGTH DATA ELEMENTS
- fixed length control field: 170420|| aca||aabn | a|a d
040 ## - CATALOGING SOURCE
- Original cataloging agency: OSt
- Transcribing agency: OSt
100 ## - HEADING--PERSONAL NAME
- Personal name: Schwarz, C. M.
670 ## - SOURCE DATA FOUND
- Source citation: Work cat.: (OSt): Times/Chambers dictionary of idioms /, 1986.

PORTAL AKMAL
E-MEL JKDM
AKMAL2U
G-BAM
u-PUSTAKA